[Event "AUT-ch U18"]
[Site "Untersiebenbrunn"]
[Date "2012.04.04"]
[Round "6"]
[White "Budic, Omer"]
[Black "Ehs, Dominik"]
[Result "0-1"]
[WhiteElo "1752"]
[BlackElo "1945"]
[PlyCount "70"]
[EventDate "2012.04.01"]
[EventType "swiss"]
[EventRounds "7"]
[EventCountry "AUT"]
[SourceTitle "CBM 147 Extra"]
[Source "ChessBase"]
[SourceDate "2012.04.24"]
[SourceVersion "1"]
[SourceVersionDate "2012.04.24"]
[SourceQuality "1"]

1. e4 c5 2. Nf3 e6 3. d4 cxd4 4. Nxd4 Nc6 5. Be3 Qc7 6. a3 a6 7. Nc3 Nf6 8. Be2 b5 9. 0-0 Bb7 10. f3 Be7 11. Kh1 0-0 12. Nb3 Ne5 13. Nd2 d5 14. exd5 Nxd5 15. Nxd5 Bxd5 16. Rc1 Rfd8 17. Qe1 Rac8 18. Qf2 Qb7 19. f4 Nc4 20. Nxc4 bxc4 21. Rb1 Bf6 22. c3 Be4 23. Bf3 Bxf3 24. Qxf3 Qxf3 25. Rxf3 Rb8 26. Bc5 Rd5 27. Bg1 Rd2 28. Rf2 Rxf2 29. Bxf2 Bxc3 30. b4 cxb3 31. Ba7 Rb7 32. g3 b2 33. Bc5 Rc7 34. Bd6 Rc6 35. Be7 Bd4 0-1